| 000 | 00362nam a2200133Ia 4500 | ||
|---|---|---|---|
| 008 | 230917s9999||||xx |||||||||||||| ||und|| | ||
| 040 |
_e150870 _aMAIN |
||
| 041 | _aEnglish | ||
| 082 | _a820.16 N42N | ||
| 245 | 0 | _aNew Cambridge bibliography of english literature Su | |
| 260 |
_aCambridge _bCambridge University Press _c1977 |
||
| 300 | _a2091 p. | ||
| 942 | _cBK | ||
| 999 |
_c189951 _d189951 |
||